LEADER 00877nam0-22003011i-450- 001 990002507730403321 010 $a0306310414 035 $a000250773 035 $aFED01000250773 035 $a(Aleph)000250773FED01 035 $a000250773 100 $a20000920d1978----km-y0itay50------ba 101 0 $aENG 200 1 $aIntroduction to Demographic Analysis$ePrinciples and Methods$fGuillaume J. Wunsch$gMarc G. Termote. 210 $aNew York$cPlenum Press$d1978. 215 $aXII, 274 p.$d23 cm 610 0 $aDemografia, Demografia$amanuali 676 $a301 700 1$aWunsch,$bGuillaume$0103096 702 1$aTermote,$bMarc G. 801 0$aIT$bUNINA$gRICA$2UNIMARC 901 $aBK 912 $a990002507730403321 952 $aXXIV-A-44$b4752$fMAS 959 $aMAS 996 $aIntroduction to Demographic Analysis$9440155 997 $aUNINA DB $aING01 LEADER 01734nam 2200433 450 001 9910703577503321 005 20150129115651.0 035 $a(CKB)5470000002431923 035 $a(OCoLC)900973642 035 $a(EXLCZ)995470000002431923 100 $a20150129j197908 ua 0 101 0 $aeng 135 $aurbn||||||||| 181 $2rdacontent 182 $2rdamedia 183 $2rdacarrier 200 13$aAn annotated bibliography for instructional systems development /$fMelissa Berkowitz and Harold F. O'Neil, Jr 210 1$aAlexandria, Virginia :$cU.S. Army Research Institute for the Behavioral and Social Sciences,$dAugust 1979. 215 $a1 online resource (x, 52 pages) $cillustrations 225 1 $aTechnical report ;$v426 300 $aTitle from title screen (viewed Jan. 14, 2015). 300 $a"Educational Technology and Simulation Technical Area." 300 $a"August 1979." 300 $a"Army project number 2Q762722A764." 320 $aIncludes bibliographical references (page 7). 606 $aComputer-assisted instruction$zUnited States$vBibliography 606 $aMilitary education$zUnited States$vProgrammed instruction$vBibliography 608 $aBibliographies.$2lcgft 615 0$aComputer-assisted instruction 615 0$aMilitary education 700 $aBerkowitz$b Melissa$01404462 702 $aO'Neil$b Harold F.$f1943- 712 02$aU.S. Army Research Institute for the Behavioral and Social Sciences.$bEducational Technology & Training Simulation Technical Area, 801 0$bGPO 801 1$bGPO 906 $aBOOK 912 $a9910703577503321 996 $aAn annotated bibliography for instructional systems development$93479099 997 $aUNINA